书目信息 |
| 题名: |
物流网络管理
|
|
| 作者: | 李严锋 , 李婷 主编 | |
| 分册: | ||
| 出版信息: | 北京 科学出版社 2009 |
|
| 页数: | 271页 | |
| 开本: | 24cm | |
| 丛书名: | ||
| 单 册: | ||
| 中图分类: | F253.9 | |
| 科图分类: | ||
| 主题词: | 计算机网络--Ji Suan Ji Wang Lao--应用--物流--教材 , 应用--Ying Yong , 物流--Wu Liu , 教材--Jiao Cai | |
| 电子资源: | ||
| ISBN: | 978-7-03-026303-2 | |
| 000 | 00981nam0 22002891 450 | |
| 001 | 349654 | |
| 005 | 20161009084631.07 | |
| 010 | @a978-7-03-026303-2@dCNY28.00 | |
| 100 | @a20100318d2009 em y0chiy50 ea | |
| 101 | 0 | @achi |
| 102 | @aCN@b110000 | |
| 105 | @ay z 000yy | |
| 106 | @ar | |
| 200 | 1 | @a物流网络管理@AWu Liu Wang Lao Guan Li@f李严锋,李婷主编 |
| 210 | @a北京@c科学出版社@d2009 | |
| 215 | @a271页@d24cm | |
| 300 | @a中国科学院规划教材·物流管理系列 | |
| 330 | @a本书重点介绍了物流网络的基本概念和内涵,同时介绍了运输网络管理、客户关系网络管理、配送网络管理、物流信息网络、物流数据库、物流营销网络管理和物流网络工程等内容。 | |
| 606 | 0 | @a计算机网络@AJi Suan Ji Wang Lao@x应用@x物流@j教材 |
| 606 | 0 | @a应用@AYing Yong |
| 606 | 0 | @a物流@AWu Liu |
| 606 | 0 | @a教材@AJiao Cai |
| 690 | @aF253.9@v5 | |
| 701 | 0 | @a李严锋@ALi Yan Feng@c(物流)@4主编 |
| 701 | 0 | @a李婷@ALi Ting@4主编 |
| 801 | 0 | @aCN@bTANGWEI@20160730 |
| 905 | @b0886095-9@dF253.9@e240@f5 | |
| 物流网络管理/李严锋,李婷主编.-北京:科学出版社,2009 |
| 271页;24cm |
| 中国科学院规划教材·物流管理系列 |
| ISBN 978-7-03-026303-2:CNY28.00 |
| 本书重点介绍了物流网络的基本概念和内涵,同时介绍了运输网络管理、客户关系网络管理、配送网络管理、物流信息网络、物流数据库、物流营销网络管理和物流网络工程等内容。 |
| ● |
| 相关链接 |
|
|
|
|
正题名:物流网络管理
索取号:F253.9/240
 
预约/预借
| 序号 | 登录号 | 条形码 | 馆藏地/架位号 | 状态 | 备注 |
| 1 | 0886095 | 208860954 | 第一样本阅览室/ [索取号:F253.9/240] | 在馆 | |
| 2 | 0886096 | 208860963 | 第一借阅区/ [索取号:F253.9/240] | 在馆 | |
| 3 | 0886097 | 208860972 | 第一借阅区/ [索取号:F253.9/240] | 在馆 | |
| 4 | 0886098 | 208860981 | 第一借阅区/ [索取号:F253.9/240] | 在馆 | |
| 5 | 0886099 | 208860990 | 密集书库-海洋学院/ [索取号:F253.9/240] | 在馆 |